| 000 | 00783cam a22001934a 4500 | ||
|---|---|---|---|
| 005 | 20250605164208.0 | ||
| 008 | 250528s ||||||||||||||||||||||||d | ||
| 035 | _a20147 | ||
| 020 | _a853451885 | ||
| 040 |
_aGR-AtMCL _bgre _dGR-AtMCL _eAACR2 |
||
| 245 | 1 | _aUnequal Exchange / A Study of Imperialism of Trade | |
| 260 |
_bMonthly Review Press, _c1972 |
||
| 300 | _a454 | ||
| 520 | _aAcknowledgments, Introduction, Equilibrium Prices in Internal Exchanges, Equilibrium Prices in External Exchanges, Wages, Limits and Implications of Unequal Exchange, The International Equilibrium Price with More than Two Factors, Comparative Costs, Conclusions, Appendices, Bibligraphy, Index. | ||
| 700 | 1 |
_aEmmanuel Arghiri _96199 |
|
| 942 | _cBK | ||
| 999 |
_c5286 _d5286 |
||